The Only Remaining NFL Team... - Statistics

General Stats
  • This quiz has been taken 68 times
  • The average score is 15 of 32
Answer Stats
Hint Answer % Correct
Lost four consecutive Super Bowls Bills
90%
Plays in the highest elevation Broncos
88%
Publicly owned Packers
86%
Northern most team Seahawks
86%
Undefeated season Dolphins
84%
Moved cities four times Rams
84%
Plays in New Jersey Giants
80%
Shares a home stadium with another team Chargers
71%
The first NFL franchise Cardinals
67%
Logo on one side of their helmets Steelers
67%
No division titles since the 1980s Browns
61%
Hasn’t played in a conference championship Texans
61%
Played in the Super Bowl in their home stadium Buccaneers
59%
Five Super Bowl losses Patriots
53%
Is a West Coast team 49ers
49%
Moved out of Texas Titans
49%
More than 40 players in the Hall of Fame Bears
39%
Won Super Bowl scoring less than 17 points Jets
37%
No Super Bowl appearances Lions
35%
Won their only Super Bowl appearance Saints
33%
Four Super Bowl victories Chiefs
29%
Hasn’t won a playoff game in 20+ years Raiders
24%
Scored 70 points in a game Commanders
20%
Moved to a different city Ravens
18%
Scored more than 50 points in a Super Bowl Cowboys
16%
Two Super Bowl victories Eagles
16%
No player has won NFL MVP Jaguars
16%
Made seven #1 overall draft picks Colts
14%
Won an NFL championship, but no Super Bowl Vikings
14%
Is in the AFC Bengals
6%
Doesn’t retire numbers Falcons
6%
Is a team Panthers
6%
No matching quizzes found
Score Distribution
Percent of People with Each Score
Percentile by Number Answered
Your Score History
You have not taken this quiz